000 00840nam a22002177a 4500
999 _c8764
_d8764
003 AR-CdUCM
008 190325b ||||| |||| 00| 0 spa d
020 _a978-9972-9043-9-4
040 _aMUNICIPALIDAD PROVINCIAL DEL CUSCO
_cBIBLIOTECA MUNICIPAL DEL CUSCO
082 _a869.568 /
_bSA19
100 _aSánchez, Luis Alberto,
_924451
245 _aValdelomar, su tiempo y su obra /
260 _aPerú :
_bLitho & Arte
_c2016.
300 _a122 paginas
_c20 cm.
505 _aContenido : Valdelomar, su tiempo y su obra "conferencia inedita" -- Comentarios sobre "el caballero carmelo y su autor Abraham Valdelomar -- Valdelomar ¿mal estudiante? y un poema inedito...
650 _aAbraham Valdelomar
_92344
650 _aEl caballero carmelo
_924452
650 _aLiteratura peruana
_9169
942 _2ddc
_cLIBROS
945 _aacv